<?xml version="1.0" encoding="UTF-8"?>
<record
    xmlns:xsi="http://www.w3.org/2001/XMLSchema-instance"
    xsi:schemaLocation="http://www.loc.gov/MARC21/slim http://www.loc.gov/standards/marcxml/schema/MARC21slim.xsd"
    xmlns="http://www.loc.gov/MARC21/slim">

  <leader>03063nam a2200541Ia 4500</leader>
  <controlfield tag="001">1206</controlfield>
  <controlfield tag="008">241029s9999    xx            000 0 und d</controlfield>
  <datafield tag="010" ind1=" " ind2=" ">
    <subfield code="a">1115</subfield>
  </datafield>
  <datafield tag="041" ind1=" " ind2=" ">
    <subfield code="a">Espa&#xF1;ol</subfield>
  </datafield>
  <datafield tag="082" ind1=" " ind2=" ">
    <subfield code="a">MA-ES 0017 FH 2007</subfield>
  </datafield>
  <datafield tag="245" ind1=" " ind2="0">
    <subfield code="a">Diagn&#xF3;stico realizado a los estudiantes de la carrera de Educaci&#xF3;n B&#xE1;sica, sobre las estrategias empleadas por los docentes de pedagog&#xED;a en la (Sede Central) de la Universidad Aut&#xF3;noma de Santo Domingo, Segundo Semestre 2003 y Primer Semestre 2004</subfield>
  </datafield>
  <datafield tag="260" ind1=" " ind2=" ">
    <subfield code="a">Santo Domingo</subfield>
  </datafield>
  <datafield tag="300" ind1=" " ind2=" ">
    <subfield code="a">110</subfield>
  </datafield>
  <datafield tag="520" ind1=" " ind2=" ">
    <subfield code="a">12</subfield>
  </datafield>
  <datafield tag="630" ind1=" " ind2=" ">
    <subfield code="a">Diagn&#xF3;stico</subfield>
  </datafield>
  <datafield tag="630" ind1=" " ind2=" ">
    <subfield code="a">Estrategia Docente</subfield>
  </datafield>
  <datafield tag="650" ind1=" " ind2=" ">
    <subfield code="a">Aprendizaje</subfield>
  </datafield>
  <datafield tag="690" ind1=" " ind2=" ">
    <subfield code="a">Elaborado</subfield>
  </datafield>
  <datafield tag="700" ind1=" " ind2=" ">
    <subfield code="e">asesor</subfield>
    <subfield code="a">Florencio, &#xC3;&#x81;ngela</subfield>
  </datafield>
  <datafield tag="700" ind1=" " ind2=" ">
    <subfield code="e">autor</subfield>
    <subfield code="a">Garc&#xED;a Vargas, Mar&#xED;a del Rosario </subfield>
  </datafield>
  <datafield tag="700" ind1=" " ind2=" ">
    <subfield code="e">autor</subfield>
    <subfield code="a">P&#xE9;rez, Marisol Altagracia </subfield>
  </datafield>
  <datafield tag="901" ind1=" " ind2=" ">
    <subfield code="a">{"1":"Garc&#xED;a Vargas","2":"P&#xE9;rez"}</subfield>
    <subfield code="b">{"1":"Mar&#xED;a del Rosario ","2":"Marisol Altagracia "}</subfield>
  </datafield>
  <datafield tag="902" ind1=" " ind2=" ">
    <subfield code="a">1</subfield>
  </datafield>
  <datafield tag="903" ind1=" " ind2=" ">
    <subfield code="a">{"1":"Florencio"}</subfield>
    <subfield code="b">{"1":"&#xC3;&#x81;ngela"}</subfield>
  </datafield>
  <datafield tag="904" ind1=" " ind2=" ">
    <subfield code="a">Maestr&#xED;a en</subfield>
  </datafield>
  <datafield tag="905" ind1=" " ind2=" ">
    <subfield code="a">Ense&#xF1;anza Superior</subfield>
  </datafield>
  <datafield tag="906" ind1=" " ind2=" ">
    <subfield code="a">2</subfield>
  </datafield>
  <datafield tag="907" ind1=" " ind2=" ">
    <subfield code="a">NO APLICA</subfield>
  </datafield>
  <datafield tag="908" ind1=" " ind2=" ">
    <subfield code="a">NO APLICA</subfield>
  </datafield>
  <datafield tag="909" ind1=" " ind2=" ">
    <subfield code="a">Universidad Aut&#xF3;noma de Santo Domingo (UASD)</subfield>
  </datafield>
  <datafield tag="910" ind1=" " ind2=" ">
    <subfield code="a">NULL</subfield>
    <subfield code="b">NULL</subfield>
  </datafield>
  <datafield tag="911" ind1=" " ind2=" ">
    <subfield code="a">["1"]</subfield>
  </datafield>
  <datafield tag="912" ind1=" " ind2=" ">
    <subfield code="a">NO APLICA</subfield>
  </datafield>
  <datafield tag="913" ind1=" " ind2=" ">
    <subfield code="a">NULL</subfield>
  </datafield>
  <datafield tag="914" ind1=" " ind2=" ">
    <subfield code="a">14 de Noviembre de 2007</subfield>
  </datafield>
  <datafield tag="915" ind1=" " ind2=" ">
    <subfield code="a">-693625</subfield>
  </datafield>
  <datafield tag="916" ind1=" " ind2=" ">
    <subfield code="a">NULL</subfield>
  </datafield>
  <datafield tag="917" ind1=" " ind2=" ">
    <subfield code="a">NULL</subfield>
  </datafield>
  <datafield tag="918" ind1=" " ind2=" ">
    <subfield code="a">NO APLICA</subfield>
  </datafield>
  <datafield tag="919" ind1=" " ind2=" ">
    <subfield code="a">["217","94"]</subfield>
  </datafield>
  <datafield tag="520" ind1=" " ind2=" ">
    <subfield code="a">El prop&#xF3;sito principal de este estudio consisti&#xF3; en analizar los factores que resultan del diagn&#xF3;stico realizado a los y las estudiantes de la carrera de Educaci&#xF3;n B&#xE1;sica, sobre las estrategias empleadas por los docentes de Pedagog&#xED;a del &#xE1;rea, en el proceso de ense&#xF1;anza-aprendizaje en su pr&#xE1;ctica pedag&#xF3;gica. La metodolog&#xED;a utilizada fue de car&#xE1;cter exploratorio y descriptivo, de tipo deductivo-inductivo. Las t&#xE9;cnicas e instrumento utilizados fueron la encuesta, entrevistas, la observaci&#xF3;n y el cuestionario.Se trabaj&#xF3; con una poblaci&#xF3;n muestra de 363 estudiantes de pedagog&#xED;a, del &#xE1;rea de Educaci&#xF3;n B&#xE1;sica de la UASD (Sede Central), que es aproximadamente el 10% de la poblaci&#xF3;n. Los an&#xE1;lisis realizados indican que los estudiantes no presentan suficientes conocimientos sobre estrategias pedag&#xF3;gicas, ya que presentan ciertas confusiones al distinguirlas, adem&#xE1;s de otras acciones pedag&#xF3;gicas, a pesar de estar cursando los semestres que avalan los conocimientos de las mismas.La investigaci&#xF3;n sugiere a los estudiantes, que se hace necesario que reciban las orientaciones de las estrategias a usar, ofreciendo las explicaciones en el momento de su aplicaci&#xF3;n, para que puedan adquirir el aprendizaje de la misma. A los profesores, apoyar el proceso de ense&#xF1;anza superior con t&#xE9;cnicas eficientes, que proporcionen el logro de los prop&#xF3;sitos, a trav&#xE9;s de estrategias pedag&#xF3;gicas y did&#xE1;cticas, que garanticen la calidad educativa del mismo.</subfield>
  </datafield>
  <datafield tag="921" ind1=" " ind2=" ">
    <subfield code="a">16</subfield>
  </datafield>
  <datafield tag="922" ind1=" " ind2=" ">
    <subfield code="a">16</subfield>
  </datafield>
  <datafield tag="923" ind1=" " ind2=" ">
    <subfield code="a">0</subfield>
  </datafield>
  <datafield tag="924" ind1=" " ind2=" ">
    <subfield code="a">NO APLICA</subfield>
  </datafield>
  <datafield tag="942" ind1=" " ind2=" ">
    <subfield code="c">Tesis</subfield>
  </datafield>
  <datafield tag="999" ind1=" " ind2=" ">
    <subfield code="c">1115</subfield>
    <subfield code="d">1115</subfield>
  </datafield>
</record>
